Handbook of reading research

محفوظ في:
التفاصيل البيبلوغرافية
المؤلفون الرئيسيون: Barr, Rebecca (مؤلف), Kamil, Michael L (مؤلف), Mosenthal, Peter B (مؤلف), Pearson, P. David (مؤلف)
التنسيق: كتاب
اللغة:الإنجليزية
منشور في: Mahwah Lawrence Erlbaum Associates 1996
الموضوعات:
الوسوم: إضافة وسم
لا توجد وسوم, كن أول من يضع وسما على هذه التسجيلة!

MARC

LEADER 00000nam a2200000 a 4500
001 UCO9193
003 CL-VaPUC
008 010119e19960000us |||||||||||||||||eng|d
082 0 4 |a 428  |b BAR  |2 21 
100 0 |a Barr, Rebecca  |e author  |9 454189 
700 0 |a Kamil, Michael L  |e author  |9 454190 
700 0 |a Mosenthal, Peter B  |e author  |9 454191 
700 |a Pearson, P. David  |e author  |9 500785 
245 1 0 |a Handbook of reading research 
300 |a v 
942 |c BK 
945 |d 20010119 00:00:00  |a cmena 
260 |a Mahwah  |b Lawrence Erlbaum Associates  |c 1996 
650 0 |a Enseñanza del inglés  |9 367340 
650 0 |a Enseñanza de la lectura  |9 308364 
650 0 |a Métodos de enseñanza  |9 270413 
583 |a last modification  |c 20171120 05:31:07  |k Rodrigo Vera 
999 |c 293470  |d 293468 
952 |0 0  |1 0  |4 0  |6 428_000000000000000_BAR_1996  |7 0  |8 A  |9 345027  |a FDOPOS  |b FDOPOS  |d 2019-11-20  |h v.2  |i 3680746  |o 428 BAR 1996  |p 3680746  |r 2025-01-22  |w 2019-11-20  |y BK  |k MLA